Historia del famoso predicador Fray Gerundio de campazas, alias Zotes (Registro nro. 87147)

Detalles MARC
000 -ENCABEZADO
Número de control [NR] 00670nam a22001937a 4500
008 - DE LONGITUD FIJA DE DATOS DE ELEMENTOS - INFORMACIÓN GENERAL
Elementos de longitud fija [NR] 130821s1885 gw gr dspa
040 ## - FUENTE DE CATALOGACION [NR]
Agencia de catalogación original [NR] Co-BoUCM
Idioma de catalogación [NR] spa
041 00 - CODIGO DE IDIOMA [R]
Código de idioma para texto/pista de sonido o título separado [R] Español
100 ## - ASIENTO PRINCIPAL--NOMBRE PERSONAL [NR]
Nombre personal [NR] Lidforss, Eduardo
ID Autoridad 150322
245 00 - MENCION DE TITULO [NR]
Título [NR] Historia del famoso predicador Fray Gerundio de campazas, alias Zotes
Mención de responsabilidad, etc. [NR] Por D. Eduardo Lidforss
260 ## - PUBLICACION, DISTRIBUCION, ETC. (PIE DE IMPRENTA) [R]
Lugar de publicación, distribución, etc. [R] Leipzig (Sajonia, Alemania)
Nombre del editor, distribuidor, etc. [R] F. A. Brockhaus
Fecha de publicación, distribución, etc. [R] 1885
300 ## - DESCRIPCION FISICA [R]
Extensión [R] 246 páginas
500 ## - NOTA GENERAL [R]
Nota general [NR] Notas al pie del texto. -- Incluye índice general
650 04 - ASIENTO SECUNDARIO DE MATERIA - TERMINO TEMATICO [R]
Término temático o nombre geográfico como elemento de entrada [NR] Biografías
9 (RLIN) 7343
650 04 - ASIENTO SECUNDARIO DE MATERIA - TERMINO TEMATICO [R]
Término temático o nombre geográfico como elemento de entrada [NR] Clero
9 (RLIN) 11023
650 04 - ASIENTO SECUNDARIO DE MATERIA - TERMINO TEMATICO [R]
Término temático o nombre geográfico como elemento de entrada [NR] Sacerdotes
9 (RLIN) 23877
942 ## - ELEMENTOS DE ENTRADA AGREGADOS (KOHA)
Tipo de ítem principal el descrito en 300a Libro
Tema principal Biografías
Edición 1
Parte restante de la signatura top. L43
Título oculto en OPAC No
Sistema de clasificación DEWEY
Clasificación 922
Existencias
Signatura topográfica Código de barras Última vez visto Ejemplar Price effective from Tipo de ítem Perdido Sistema de clasificación Dañado No prestable Tipo de ítem específico Suprimido Ubicación habitual Ubicación actual Localización Fecha de creación Forma de adquisición Costo
FCS 922 L43 120002990 12/07/2012 Ej.1 03/02/2013 Libro   DEWEY     Fondos especiales     Archivo Histórico Archivo histórico 28/02/2003 Donación 1000.00